[Event "4NCL Division Two"]
[Site "Telford, ENG"]
[Date "2024.02.10"]
[EventDate "2024.02.10"]
[Round "5.28"]
[White "Velayutham, Sivanandan"]
[WhiteElo "1500"]
[WhiteTeam "Cambridge University 2"]
[Black "Bullen, Alex"]
[BlackTitle "CM"]
[BlackElo "2147"]
[BlackTeam "The Audible Checks"]
[Result "0-1"]

1. e4 c5 2. Nc3 a6 3. g3 b5 4. Bg2 Bb7 5. a3 e6 6. Nge2 Nc6 7. d4 cxd4 8. Nxd4
Qb6 9. Be3 Bc5 10. Nce2 Nf6 11. f3 e5 12. b4 Bxd4 13. Nxd4 exd4 14. Bf2 Qc7 15.
O-O O-O 16. Rc1 d5 17. exd5 Nxd5 18. Bxd4 Nxd4 19. Qxd4 Rfe8 20. c4 bxc4 21.
Rxc4 Qe5 22. Qxe5 Rxe5 23. f4 Re7 24. Rc5 Nf6 25. Bxb7 Rxb7 26. Rfc1 h6 27. Kf2
Ne4+ 0-1

[Event "4NCL Division Two"]
[Site "Telford, ENG"]
[Date "2024.02.10"]
[EventDate "2024.02.10"]
[Round "5.31"]
[White "Richardson, John R"]
[WhiteTitle "FM"]
[WhiteElo "2277"]
[WhiteTeam "The ADs"]
[Black "Merry, Alan B"]
[BlackTitle "IM"]
[BlackElo "2441"]
[BlackTeam "Barbican 4NCL"]
[Result "1-0"]

1. Nf3 d5 2. d4 Nf6 3. c4 e6 4. Nc3 dxc4 5. Qa4+ Nbd7 6. Qxc4 a6 7. Bf4 c5 8.
dxc5 Bxc5 9. e3 O-O 10. Be2 b5 11. Qb3 Be7 12. a3 Nc5 13. Qc2 Bb7 14. O-O Rc8
15. Rad1 Qb6 16. Qb1 Nfe4 17. Be5 Nxc3 18. Bxc3 Be4 19. Qa1 Bc2 20. b4 Bxd1 21.
bxc5 Qxc5 22. Bb4 Qxb4 23. axb4 Bxe2 24. Rb1 Rfd8 25. Nd4 Bd3 26. Rd1 Be4 27.
f3 Bb7 28. Rb1 Rc4 29. Qa5 Rd6 30. Qa1 Bf6 31. Kf1 h5 32. Rc1 Bxd4 33. exd4
Rxb4 34. Rc7 Rbxd4 35. Qc3 Rd3 36. Qc5 Rd1+ 37. Kf2 R1d5 38. Qa7 Rd2+ 39. Kg3
Bxf3 40. gxf3 1-0

[Event "4NCL Division Two"]
[Site "Telford, ENG"]
[Date "2024.02.10"]
[EventDate "2024.02.10"]
[Round "5.32"]
[White "Taylor, Martin R"]
[WhiteTitle "FM"]
[WhiteElo "2345"]
[WhiteTeam "Barbican 4NCL"]
[Black "Roe, Simon J"]
[BlackElo "2260"]
[BlackTeam "The ADs"]
[Result "1/2-1/2"]

1. c4 e6 2. d4 d5 3. Nc3 c5 4. cxd5 exd5 5. Nf3 Nf6 6. Bg5 Be6 7. e4 Be7 8.
Bb5+ Nc6 9. Bxf6 Bxf6 10. exd5 Bxd5 11. O-O cxd4 12. Nxd4 O-O 13. Nxc6 bxc6 14.
Nxd5 Qxd5 15. Qxd5 cxd5 16. Rad1 Rfd8 17. b3 1/2-1/2

[Event "4NCL Division Two"]
[Site "Telford, ENG"]
[Date "2024.02.10"]
[EventDate "2024.02.10"]
[Round "5.33"]
[White "Banerjee, Supratit"]
[WhiteElo "2244"]
[WhiteTeam "The ADs"]
[Black "Pigott, John C"]
[BlackTitle "IM"]
[BlackElo "2320"]
[BlackTeam "Barbican 4NCL"]
[Result "0-1"]

1. e4 c5 2. c3 d5 3. exd5 Qxd5 4. d4 Nf6 5. Nf3 e6 6. Na3 a6 7. Nc4 Nbd7 8. Ne3
Qd6 9. Be2 Be7 10. O-O O-O 11. Re1 Rd8 12. Qc2 b6 13. Nc4 Qc7 14. Bg5 b5 15.
Ne3 Bb7 16. Rad1 Rac8 17. Bh4 Be4 18. Qc1 h6 19. Bg3 Qb6 20. dxc5 Nxc5 21. Nd4
Bb7 22. Ng4 Nce4 23. Be5 b4 24. Rd3 bxc3 25. bxc3 Nxg4 26. Bxg4 Qc5 27. Bg3
Nxc3 28. Nb3 Qb4 29. Rxd8+ Bxd8 30. Qe3 Qxg4 31. h3 Qe4 32. Qxe4 Nxe4 33. Bf4
Rc2 34. Be3 Rxa2 35. Rd1 Bd5 36. Nd4 Bf6 37. Nf3 Ra1 38. Rxa1 Bxa1 39. Kf1 Bc3
40. Ke2 Bc4+ 41. Kd1 Bf1 42. g3 Bxh3 43. Kc2 Bb4 44. Kb3 Bc5 45. Bxc5 Nxc5+ 46.
Kb4 Ne4 47. Ka5 Bf1 48. g4 Nxf2 49. g5 Ne4 50. gxh6 gxh6 51. Ne5 h5 52. Nf3 Kg7
53. Nh4 Nd2 54. Kb4 Kf6 55. Kc3 Kg5 56. Kxd2 Kxh4 57. Ke3 Kg3 58. Kd2 h4 59.
Ke1 Bb5 60. Kd2 h3 61. Kc3 h2 62. Kb2 h1=Q 63. Ka2 Qc1 64. Kb3 a5 65. Ka2 Bc4#
0-1

[Event "4NCL Division Two"]
[Site "Telford, ENG"]
[Date "2024.02.10"]
[EventDate "2024.02.10"]
[Round "5.34"]
[White "Cox, John J"]
[WhiteTitle "IM"]
[WhiteElo "2263"]
[WhiteTeam "Barbican 4NCL"]
[Black "Santhosh, Abhyuday"]
[BlackElo "2167"]
[BlackTeam "The ADs"]
[Result "1/2-1/2"]

1. c4 Nf6 2. Nc3 g6 3. Nf3 Bg7 4. e4 d6 5. d4 O-O 6. Be2 e5 7. O-O Nc6 8. d5
Ne7 9. b4 a5 10. bxa5 Rxa5 11. a4 b6 12. Ba3 Ra8 13. Bb4 Ne8 14. h3 Bd7 15. Bd3
f5 16. Re1 f4 17. Be2 Bf6 18. a5 bxa5 19. Bxa5 g5 20. Nd2 Ng6 21. Bg4 Ng7 22.
Bxd7 Qxd7 23. Nb5 Bd8 24. Qg4 Qf7 25. Ra3 Nh4 26. Rea1 h5 27. Qe2 Ne8 28. Nf3
Nxf3+ 29. Qxf3 Qg6 30. Qe2 g4 31. f3 gxh3 32. Kh1 hxg2+ 33. Qxg2 Qxg2+ 34. Kxg2
Kf7 35. Bxc7 Rxa3 36. Rxa3 Rg8+ 37. Kh2 Bxc7 38. Ra7 Rg3 39. c5 Kf6 40. Nxc7
Nxc7 41. Rxc7 dxc5 42. Rc6+ Kf7 43. Rc7+ Kf6 44. Rc6+ 1/2-1/2

[Event "4NCL Division Two"]
[Site "Telford, ENG"]
[Date "2024.02.10"]
[EventDate "2024.02.10"]
[Round "5.35"]
[White "Snape, Ian L"]
[WhiteElo "2159"]
[WhiteTeam "The ADs"]
[Black "Sowray, Peter J"]
[BlackTitle "FM"]
[BlackElo "2187"]
[BlackTeam "Barbican 4NCL"]
[Result "0-1"]

1. c4 e6 2. d4 d5 3. Nf3 c5 4. cxd5 exd5 5. g3 Nf6 6. Bg2 Nc6 7. O-O Be7 8. Bg5
h6 9. Bxf6 Bxf6 10. e3 O-O 11. Nc3 c4 12. b3 Bf5 13. Ne1 Be6 14. Rc1 cxb3 15.
Qxb3 Na5 16. Qa4 Nc4 17. Nd3 g5 18. Nb4 Nb6 19. Qb3 Bg7 20. Nbxd5 Rc8 21. Qb5
Nxd5 22. Nxd5 Rxc1 23. Rxc1 b6 24. Nb4 Qd6 25. a3 a5 26. Nc6 Qxa3 27. Rb1 a4
28. Qxb6 Bb3 29. Na5 Qa2 30. Be4 f5 31. Bd3 Bd5 32. Qc5 f4 33. gxf4 gxf4 34.
Qxd5+ Qxd5 35. Bc4 Qxc4 36. Nxc4 Rc8 37. Ne5 fxe3 38. fxe3 a3 39. Ra1 Bf8 40.
Nd7 Bb4 41. Nc5 Ra8 42. Ne4 Kf7 43. Kf2 Ke6 44. Ke2 Rg8 45. Ng3 Rc8 46. Kd3
Rc3+ 47. Ke4 Rc2 48. d5+ Kd7 49. Kd3 Rxh2 50. Ne4 Rb2 51. Kc4 a2 52. Nc3 Bxc3
53. Kxc3 Rg2 54. Kd4 h5 55. Ke5 h4 56. Rf1 h3 57. Rf7+ Ke8 58. Ra7 h2 59. Ke6
Rg6+ 60. Kf5 h1=Q 0-1

[Event "4NCL Division Two"]
[Site "Telford, ENG"]
[Date "2024.02.10"]
[EventDate "2024.02.10"]
[Round "5.36"]
[White "Navarro Cia, Miguel"]
[WhiteTitle "FM"]
[WhiteElo "2222"]
[WhiteTeam "Barbican 4NCL"]
[Black "Wafa, Shrook"]
[BlackTitle "WGM"]
[BlackElo "2115"]
[BlackTeam "The ADs"]
[Result "0-1"]

1. e4 c5 2. Nf3 Nc6 3. d4 cxd4 4. Nxd4 g6 5. c4 Bg7 6. Nc2 Nf6 7. Nc3 O-O 8.
Be2 d6 9. O-O Bd7 10. Be3 Rc8 11. Qd2 Ne5 12. b3 Qa5 13. f3 Rfe8 14. Rac1 a6
15. c5 Be6 16. b4 Qc7 17. Nd4 Nc4 18. Bxc4 Bxc4 19. Nce2 b5 20. cxb6 Qxb6 21.
Nf5 Qb5 22. Nxg7 Kxg7 23. Nd4 Qh5 24. Rfe1 d5 25. e5 Nd7 26. Bf4 e6 27. a4 h6
28. Rc3 g5 29. Bg3 Qg6 30. Rec1 Rb8 31. Nc2 Red8 32. h3 a5 33. bxa5 Nc5 34. Nd4
Nxa4 35. Ra3 Rb2 36. Rc2 Rxc2 37. Qxc2 Qxc2 38. Nxc2 Nc5 39. Bf2 Na6 40. Bb6
Rc8 41. Kf2 f6 42. Bd4 fxe5 43. Bxe5+ Kg6 44. g4 Nc5 45. Ke3 Nd7 46. Kd4 Ba6
47. Ne3 Rc1 48. Bd6 Kf6 49. Rc3 Rxc3 50. Kxc3 Ne5 51. Nc2 Nxf3 52. Bf8 e5 53.
Bxh6 d4+ 54. Kb4 e4 55. h4 gxh4 56. Kc5 h3 57. Bf4 e3 58. Kb6 Bd3 59. Nb4 Be4
60. a6 e2 0-1

[Event "4NCL Division Two"]
[Site "Telford, ENG"]
[Date "2024.02.10"]
[EventDate "2024.02.10"]
[Round "5.37"]
[White "Duggan, John E"]
[WhiteElo "2118"]
[WhiteTeam "The ADs"]
[Black "Lauterbach, Ingrid"]
[BlackTitle "WIM"]
[BlackElo "2025"]
[BlackTeam "Barbican 4NCL"]
[Result "1/2-1/2"]

1. d4 Nf6 2. Nf3 g6 3. e3 Bg7 4. b3 c5 5. Bb2 Ne4 6. Bd3 f5 7. O-O O-O 8. c4
Nc6 9. Nbd2 cxd4 10. exd4 Nc5 11. Qb1 Nxd3 12. Qxd3 d5 13. Ne5 Nxe5 14. dxe5
Be6 15. cxd5 Bxd5 16. Rad1 e6 17. Nc4 f4 18. f3 Qg5 19. Qe2 Rfd8 20. Nd6 Rd7
21. Ne4 Qf5 22. Nf6+ Bxf6 23. exf6 Rc8 24. Rd2 a6 25. Qe5 Qxe5 26. Bxe5 g5 27.
Rff2 Kf7 28. Rc2 Bc6 29. Rfd2 Rcd8 30. Rxd7+ Rxd7 31. Kf2 Kg6 32. Ke1 Kf5 33.
Rd2 Rxd2 34. Kxd2 Be8 35. Bd4 e5 36. Bb6 Kxf6 37. a4 Bc6 38. Ke2 h5 39. h3 e4
40. a5 Bb5+ 41. Ke1 e3 42. Bc7 Bc6 43. Ke2 Bd5 44. b4 Bc4+ 45. Ke1 Kf5 46. Bd6
Ke6 47. Bb8 Bb5 48. Bc7 Kd5 49. Bd8 g4 50. hxg4 hxg4 51. Bc7 gxf3 52. gxf3 Kc4
53. Bd6 Kc3 54. Bxf4 Kxb4 55. Bc7 Kc3 56. f4 Bd3 57. Bb6 e2 58. f5 1/2-1/2

[Event "4NCL Division Two"]
[Site "Telford, ENG"]
[Date "2024.02.10"]
[EventDate "2024.02.10"]
[Round "5.38"]
[White "Patel, Diah"]
[WhiteElo "1503"]
[WhiteTeam "Barbican 4NCL"]
[Black "Baltrunas, Evaldas"]
[BlackElo "2130"]
[BlackTeam "The ADs"]
[Result "0-1"]

1. e4 c5 2. g3 Nc6 3. Bg2 g6 4. f4 Bg7 5. Nf3 e6 6. d3 Nge7 7. Nc3 d5 8. e5 O-O
9. O-O Rb8 10. g4 f6 11. exf6 Bxf6 12. g5 Bg7 13. Qe2 b5 14. Bh3 Nf5 15. Nh4
Ncd4 16. Qf2 Nxh4 17. Qxh4 b4 18. Na4 Qa5 19. b3 Ne2+ 20. Kf2 Bxa1 21. Kxe2 Bg7
22. Kd1 e5 23. fxe5 Rxf1+ 24. Bxf1 Bxe5 25. Bf4 Qc7 26. Bxe5 Qxe5 27. Nxc5 Qa1+
28. Ke2 Bf5 29. Qf4 Re8+ 30. Kf2 Qc3 31. Na4 Qxc2+ 32. Kg1 Bxd3 33. Qd6 Be4 34.
Nc5 Qc3 35. Nxe4 dxe4 36. Qd5+ Kh8 37. Qf7 Qe3+ 38. Kh1 Qf3+ 39. Qxf3 exf3 40.
Bb5 Re1+ 41. Bf1 Rxf1# 0-1

[Event "4NCL Division Two"]
[Site "Telford, ENG"]
[Date "2024.02.10"]
[EventDate "2024.02.10"]
[Round "5.41"]
[White "Kolani, Arjun"]
[WhiteElo "2112"]
[WhiteTeam "Sussex Martlets 1"]
[Black "Nagpal, Vardaan"]
[BlackTitle "IM"]
[BlackElo "2326"]
[BlackTeam "SchachAttack"]
[Result "1/2-1/2"]

1. e4 e5 2. Nf3 Nf6 3. Nxe5 d6 4. Nf3 Nxe4 5. d4 d5 6. Bd3 Bd6 7. O-O O-O 8. c4
c6 9. Nc3 Nxc3 10. bxc3 dxc4 11. Bxc4 Bg4 12. h3 Bh5 13. g4 Bg6 14. Ne5 Bxe5
15. dxe5 Qa5 16. Qd4 Rd8 17. Qe3 Nd7 18. e6 Ne5 19. Be2 fxe6 20. f4 Nd3 21. f5
exf5 22. Bxd3 Qxc3 23. Bxf5 Qxa1 24. Bxg6 hxg6 25. Qb3+ Rd5 26. Bb2 Qxf1+ 27.
Kxf1 Rf8+ 28. Kg2 Rf7 29. Qe3 Kh7 30. Bc3 Rfd7 31. Qxa7 Rd3 32. Qc5 R7d5 33.
Qb4 Re3 34. Qb2 Rdd3 35. Be5 c5 36. Bf4 Re4 37. Bg3 Ra4 38. Be5 Raa3 39. Bxg7
Rg3+ 40. Kf1 Raf3+ 41. Ke1 Rg1+ 42. Ke2 Rgf1 43. Qe5 R1f2+ 44. Ke1 Rf1+ 45. Ke2
1/2-1/2

[Event "4NCL Division Two"]
[Site "Telford, ENG"]
[Date "2024.02.10"]
[EventDate "2024.02.10"]
[Round "5.42"]
[White "Foo, Zhi Rong Benjamin"]
[WhiteTitle "CM"]
[WhiteElo "2207"]
[WhiteTeam "SchachAttack"]
[Black "Grant, David J"]
[BlackElo "2202"]
[BlackTeam "Sussex Martlets 1"]
[Result "0-1"]

1. e4 c5 2. Nc3 Nc6 3. Bb5 Nd4 4. Bc4 e6 5. Nge2 a6 6. Nxd4 cxd4 7. Ne2 b5 8.
Bd3 e5 9. O-O Bb7 10. a4 d5 11. f3 dxe4 12. fxe4 Bc6 13. Ng3 Nf6 14. Qf3 h5 15.
h4 bxa4 16. c3 Ra7 17. Bc4 Bc5 18. Kh2 d3 19. Nf5 Ng4+ 20. Kg3 O-O 21. Qxd3 Rd7
22. Qf3 g6 23. Ne3 Bxe3 24. dxe3 Kg7 25. Bd5 Bxd5 26. exd5 Rxd5 27. Rxa4 f5 28.
Rxa6 f4+ 29. Kh3 Rf7 30. c4 Rd3 31. Qe4 Qd7 32. Qxg6+ Kf8 33. b3 Nxe3+ 34. Kh2
Nxf1+ 35. Kg1 Qd4+ 36. Kh1 Ng3+ 37. Kh2 Qg1+ 0-1

[Event "4NCL Division Two"]
[Site "Telford, ENG"]
[Date "2024.02.10"]
[EventDate "2024.02.10"]
[Round "5.43"]
[White "Blake, J Morgan"]
[WhiteElo "2118"]
[WhiteTeam "Sussex Martlets 1"]
[Black "Hng, Mei-En Emmanuelle"]
[BlackTitle "WFM"]
[BlackElo "2141"]
[BlackTeam "SchachAttack"]
[Result "0-1"]

1. e4 Nf6 2. Nc3 d6 3. d4 g6 4. Be3 Bg7 5. Qd2 a6 6. Bh6 Bxh6 7. Qxh6 Nbd7 8.
O-O-O c5 9. Nf3 cxd4 10. Rxd4 Qa5 11. Bc4 Ne5 12. Nd5 Nxc4 13. Rxc4 Be6 14. Qg7
Rf8 15. Nc7+ Kd7 16. Nxe6 fxe6 17. e5 Rg8 18. Qh6 Qxa2 19. Nd2 b5 20. Rd4 Nd5
21. exd6 exd6 22. Qxh7+ Kc6 23. Nb3 Rac8 24. Qf7 Kb6 25. Qd7 Qxb3 26. Qxd6+ Ka7
27. Qd7+ Ka8 28. Rd2 Nb4 29. Kd1 Rxc2 0-1

[Event "4NCL Division Two"]
[Site "Telford, ENG"]
[Date "2024.02.10"]
[EventDate "2024.02.10"]
[Round "5.44"]
[White "Nicholas, Koichi B"]
[WhiteElo "2149"]
[WhiteTeam "SchachAttack"]
[Black "Graham, David B"]
[BlackElo "2157"]
[BlackTeam "Sussex Martlets 1"]
[Result "1/2-1/2"]

1. e4 e5 2. Nf3 Nc6 3. Bb5 a6 4. Bxc6 dxc6 5. O-O f6 6. d4 exd4 7. Nxd4 c5 8.
Ne2 Qxd1 9. Rxd1 Bd7 10. Be3 O-O-O 11. Nbc3 Bd6 12. Rd2 Ne7 13. Rad1 Ng6 14. f3
Rhe8 15. Nd5 Bc6 16. Kf2 b5 17. b3 Bxd5 18. Rxd5 Bf8 19. Nc1 Ne5 20. Ke2 Rxd5
21. Rxd5 c6 22. Rd1 c4 23. h3 Ba3 24. g3 Kc7 25. Bf4 Bxc1 26. Bxc1 cxb3 27.
cxb3 a5 28. Be3 Ra8 29. f4 Nf7 30. Bc5 a4 31. b4 Re8 32. Kf3 Nd8 33. Bd6+ Kc8
34. e5 Nb7 35. exf6 gxf6 36. Bc5 Nxc5 37. bxc5 Kc7 38. Rd6 b4 39. Rxf6 b3 40.
axb3 axb3 41. Rd6 Rd8 42. Re6 Rd3+ 43. Kg4 Rc3 44. Re7+ Kc8 45. Re8+ Kb7 46.
Re1 Rxc5 47. f5 b2 48. Rb1 Rc2 49. f6 Rf2 50. f7 Rxf7 51. Rxb2+ Kc7 52. Kh5 c5
1/2-1/2

[Event "4NCL Division Two"]
[Site "Telford, ENG"]
[Date "2024.02.10"]
[EventDate "2024.02.10"]
[Round "5.45"]
[White "Salmons, Calum"]
[WhiteElo "2148"]
[WhiteTeam "Sussex Martlets 1"]
[Black "Skettos, Nicolas"]
[BlackElo "2052"]
[BlackTeam "SchachAttack"]
[Result "1/2-1/2"]

1. e4 e6 2. d4 d5 3. Nd2 c5 4. exd5 Qxd5 5. Ngf3 cxd4 6. Bc4 Qd6 7. O-O Nf6 8.
Nb3 Nc6 9. Nbxd4 Nxd4 10. Nxd4 Be7 11. c3 O-O 12. Qf3 Qc7 13. Bb3 a5 14. a4 Bd7
15. Re1 Bc6 16. Qh3 Be4 17. Bg5 Bg6 18. Rad1 Qb6 19. Bxf6 Bxf6 20. Nb5 Rfd8 21.
Qf3 h6 22. h3 Rac8 23. Qe2 Qc5 24. Bc2 Bxc2 25. Qxc2 b6 26. Rxd8+ Rxd8 27. Rd1
Rxd1+ 28. Qxd1 Qc4 29. g3 g6 30. Nd6 Qc6 31. Nb5 Qc4 32. Nd6 Qc6 33. Nb5
1/2-1/2

[Event "4NCL Division Two"]
[Site "Telford, ENG"]
[Date "2024.02.10"]
[EventDate "2024.02.10"]
[Round "5.46"]
[White "Alizada, Eldar"]
[WhiteElo "2127"]
[WhiteTeam "SchachAttack"]
[Black "Rogacewicz, Mikolaj"]
[BlackElo "2149"]
[BlackTeam "Sussex Martlets 1"]
[Result "1/2-1/2"]

1. d4 e6 2. c4 Nf6 3. Nc3 Bb4 4. Qc2 O-O 5. Bg5 d5 6. cxd5 exd5 7. e3 h6 8. Bh4
c6 9. Bd3 Nbd7 10. Nge2 Re8 11. O-O a5 12. Na4 Qc7 13. Rac1 Bd6 14. Bg3 Nh5 15.
Bxd6 Qxd6 16. Bh7+ Kh8 17. Bf5 Ndf6 18. Bxc8 Raxc8 19. Nb6 Rcd8 20. Qc5 Qc7 21.
h3 Ne4 22. Qxa5 Ra8 23. Qb4 Rxa2 24. Nxd5 Qa5 25. Qxa5 Rxa5 26. Ndf4 Nhf6 27.
Ra1 Rb5 28. Nd3 Nd5 29. Rfc1 Rb3 30. Rd1 Nd6 31. Nec1 Rb5 32. b3 Kg8 33. Rd2 f6
34. Rda2 Nc7 35. Ra5 Kf7 36. Kf1 Rxa5 37. Rxa5 Ndb5 38. Nb2 Ke6 39. Ncd3 b6 40.
Ra1 Nd5 41. Nc4 Kd7 42. g4 Kc7 43. Kg2 Ne7 44. Nf4 Nc8 45. Kf3 Nbd6 46. Nxd6
Kxd6 47. b4 Re7 48. e4 g5 49. Ra8 Kc7 50. Nh5 Rf7 51. Ke3 Kb7 52. Ra1 Nd6 53.
f4 gxf4+ 54. Kxf4 Rf8 55. Rf1 Nb5 56. Ke3 Ra8 57. Rd1 Rf8 58. h4 Kc7 59. Rf1
Ra8 60. Rd1 Rf8 61. Rf1 Ra8 62. Nxf6 Ra3+ 63. Kf4 Nxd4 64. g5 hxg5+ 65. hxg5 c5
66. bxc5 bxc5 67. g6 Kd8 68. Kg4 Ne6 69. Nd5 Ra2 70. Rf6 Kd7 71. Rf7+ Kd6 72.
Kg3 Ke5 73. Nf6 Ra1 74. Nd7+ Kxe4 75. Kg2 Nf4+ 76. Rxf4+ Kxf4 77. g7 Ra2+ 78.
Kg1 Ra3 79. g8=Q Rg3+ 80. Qxg3+ Kxg3 81. Nxc5 1/2-1/2

[Event "4NCL Division Two"]
[Site "Telford, ENG"]
[Date "2024.02.10"]
[EventDate "2024.02.10"]
[Round "5.47"]
[White "Shaw, Dashiell L"]
[WhiteElo "2195"]
[WhiteTeam "Sussex Martlets 1"]
[Black "Handley, Michael R"]
[BlackElo "2093"]
[BlackTeam "SchachAttack"]
[Result "1/2-1/2"]

1. d4 Nf6 2. Nf3 g6 3. g3 Bg7 4. Bg2 O-O 5. c4 c6 6. O-O d5 7. cxd5 cxd5 8. Nc3
Ne4 9. Qb3 Nxc3 10. bxc3 Nc6 11. Nd2 e6 12. Ba3 Re8 13. e4 Na5 14. Qc2 b6 15.
exd5 exd5 16. Rfe1 Be6 17. Qa4 Bd7 18. Qc2 Rxe1+ 19. Rxe1 Be6 20. Bb4 Nc6 21.
Ba3 Rc8 22. Qa4 Na5 23. Bb4 Nc6 1/2-1/2

[Event "4NCL Division Two"]
[Site "Telford, ENG"]
[Date "2024.02.10"]
[EventDate "2024.02.10"]
[Round "5.48"]
[White "Shepherd, Tom"]
[WhiteElo "2080"]
[WhiteTeam "SchachAttack"]
[Black "Howell, Susan C"]
[BlackElo "1803"]
[BlackTeam "Sussex Martlets 1"]
[Result "1/2-1/2"]

1. d4 d5 2. c4 e6 3. Nf3 Nf6 4. Nc3 Be7 5. cxd5 exd5 6. h3 O-O 7. Bf4 c6 8. Qc2
a5 9. e3 h6 10. Bd3 Na6 11. a3 Nc7 12. O-O Ne6 13. Bh2 c5 14. dxc5 Nxc5 15.
Rfd1 Nxd3 16. Qxd3 Be6 17. Nb5 Rc8 18. Rac1 Qb6 19. Nfd4 Qa6 20. Rc7 Rxc7 21.
Nxc7 Qxd3 22. Rxd3 Rc8 23. Kf1 Bd7 24. Rb3 b5 25. Ndxb5 Ne4 26. Nxd5 Bd8 27.
Nd4 Nd2+ 28. Ke2 Nxb3 1/2-1/2

[Event "4NCL Division Two"]
[Site "Telford, ENG"]
[Date "2024.02.10"]
[EventDate "2024.02.10"]
[Round "5.51"]
[White "Li, Henry"]
[WhiteTitle "FM"]
[WhiteElo "2358"]
[WhiteTeam "Gonzaga"]
[Black "Baker, Chris W"]
[BlackTitle "IM"]
[BlackElo "2284"]
[BlackTeam "Warwickshire Select 1"]
[Result "1/2-1/2"]

1. e4 e5 2. Nf3 Nc6 3. Bc4 Nf6 4. d3 Be7 5. O-O O-O 6. Re1 d6 7. a4 h6 8. c3
Nh7 9. h3 Ng5 10. Nbd2 Be6 11. Bxe6 Nxe6 12. Nc4 Bf6 13. b4 a6 14. Ne3 Ne7 15.
a5 Kh7 16. Bb2 g6 17. c4 Nc6 18. Nd5 Bg7 19. Qd2 Qd7 20. Bc3 f5 21. Qb2 fxe4
22. dxe4 Rxf3 23. gxf3 Ng5 24. Re3 Qxh3 25. Qe2 Nd4 26. Bxd4 exd4 27. Rd3 Qh4
28. f4 c6 29. fxg5 cxd5 30. exd5 Be5 31. Qf3 Qxg5+ 32. Qg3 Qf5 33. Qf3 Qg5+ 34.
Qg3 Qf5 35. Rf3 Qd7 36. Qh3 Qe7 37. Qe6 Qg5+ 38. Kf1 Rg8 39. Rf7+ Rg7 40. Re1
d3 41. f4 Qh4 42. fxe5 Qh1+ 43. Kf2 Qh4+ 44. Kg2 Qxe1 45. Rxg7+ Kxg7 46. Qe7+
Kg8 47. Qd8+ Kg7 48. Qc7+ Kg8 49. Qc8+ Kg7 50. Qxb7+ Kg8 51. Qc8+ Kg7 52. Qd7+
Kg8 53. Qe6+ Kg7 54. Qf6+ Kh7 55. exd6 d2 56. Qf7+ Kh8 57. Qf6+ Kh7 58. d7 Qe2+
59. Kh3 Qe3+ 60. Kg2 Qe2+ 61. Kh3 1/2-1/2

[Event "4NCL Division Two"]
[Site "Telford, ENG"]
[Date "2024.02.10"]
[EventDate "2024.02.10"]
[Round "5.52"]
[White "Pitcher, John"]
[WhiteElo "2315"]
[WhiteTeam "Warwickshire Select 1"]
[Black "Wall, Gavin"]
[BlackTitle "IM"]
[BlackElo "2274"]
[BlackTeam "Gonzaga"]
[Result "1/2-1/2"]

1. e4 e5 2. Bc4 Nf6 3. d3 Nc6 4. Nc3 Na5 5. Qf3 c6 6. a4 Nxc4 7. dxc4 d6 8.
Nge2 Be7 9. O-O O-O 10. h3 Ne8 11. Ng3 Bg5 12. Bxg5 Qxg5 13. Rad1 Be6 14. b3
Rd8 15. Qe3 Qxe3 16. fxe3 g6 17. Rd2 f6 18. Rfd1 Kf7 19. a5 Ke7 20. Nge2 h5 21.
Nc1 Nc7 22. Nd3 Na6 23. Na4 g5 24. Kh2 Rd7 25. g3 Rfd8 26. Rf1 Bg8 27. Rdf2 Rf8
28. c5 Bh7 29. cxd6+ Rxd6 30. Nxe5 Bxe4 31. Nf3 Bxf3 32. Rxf3 Rd2+ 33. R3f2
Rfd8 34. Kg1 Rxf2 35. Rxf2 Rd5 36. Nc3 Rxa5 37. Ne4 Re5 38. Nxf6 Rxe3 39. Nxh5
Nc5 40. Kg2 Ne6 1/2-1/2

[Event "4NCL Division Two"]
[Site "Telford, ENG"]
[Date "2024.02.10"]
[EventDate "2024.02.10"]
[Round "5.53"]
[White "Menzies, Colin"]
[WhiteTitle "FM"]
[WhiteElo "2201"]
[WhiteTeam "Gonzaga"]
[Black "Bowcott-Terry, Finlay"]
[BlackElo "2298"]
[BlackTeam "Warwickshire Select 1"]
[Result "0-1"]

1. d4 f5 2. Bg5 h6 3. Bh4 g5 4. Bg3 Nf6 5. e3 Bg7 6. h4 g4 7. Ne2 Nh5 8. Nbc3
d6 9. Qd2 O-O 10. O-O-O Nc6 11. f3 e5 12. Bf2 Qe8 13. dxe5 dxe5 14. e4 fxe4 15.
Nxe4 Bf5 16. N2g3 Nxg3 17. Bxg3 Rd8 18. Bc4+ Kh8 19. Qe3 Rd4 20. Be2 Qf7 21.
Rxd4 Nxd4 22. Kb1 Be6 23. Bd3 Nf5 24. Qxa7 Nxg3 25. Nxg3 gxf3 26. Rf1 Bd5 27.
Qe3 Qf4 28. Qc5 Qxg3 29. Qxd5 fxg2 0-1

[Event "4NCL Division Two"]
[Site "Telford, ENG"]
[Date "2024.02.10"]
[EventDate "2024.02.10"]
[Round "5.54"]
[White "Valdepenas Octavio, Javier"]
[WhiteElo "2216"]
[WhiteTeam "Warwickshire Select 1"]
[Black "Thorarinsson, Pall A."]
[BlackTitle "FM"]
[BlackElo "2197"]
[BlackTeam "Gonzaga"]
[Result "1-0"]

1. e4 c5 2. Nf3 Nc6 3. d4 cxd4 4. Nxd4 g6 5. c4 Bg7 6. Be3 Nf6 7. Nc3 d6 8. Be2
Nxd4 9. Bxd4 O-O 10. O-O Bd7 11. h3 Bc6 12. Qc2 a5 13. Rad1 Nd7 14. Bxg7 Kxg7
15. Bg4 Ne5 16. c5 Nxg4 17. hxg4 Qc8 18. cxd6 Qxg4 19. dxe7 Rfe8 20. Nd5 Bxd5
21. Qc3+ Kg8 22. exd5 Rxe7 23. d6 Rd7 24. Rfe1 Qg5 25. Re5 Qd8 26. Qd4 Qf8 27.
a4 Ra6 28. Rd5 Qg7 29. Qg4 f5 30. Qe2 Ra8 31. Rxa5 Rad8 32. Rad5 Qf6 33. Qd2 h5
34. b4 h4 35. Qf4 Re8 36. Qc4 Kg7 37. a5 Re4 38. R5d4 Qe5 39. Rxe4 fxe4 40. Qc8
Qe6 41. b5 Kh7 42. Qc3 Kh6 43. Qd4 g5 44. a6 bxa6 45. bxa6 h3 46. gxh3 Qxh3 47.
Qxe4 Rf7 48. Qh1 1-0

[Event "4NCL Division Two"]
[Site "Telford, ENG"]
[Date "2024.02.10"]
[EventDate "2024.02.10"]
[Round "5.55"]
[White "Freeman, Gordon"]
[WhiteTitle "FM"]
[WhiteElo "2208"]
[WhiteTeam "Gonzaga"]
[Black "Shearsby, Jude"]
[BlackElo "2171"]
[BlackTeam "Warwickshire Select 1"]
[Result "1/2-1/2"]

1. d4 Nf6 2. Nf3 g6 3. g3 Bg7 4. Bg2 O-O 5. O-O d6 6. b3 Nbd7 7. Bb2 c5 8. c4
cxd4 9. Nxd4 Nc5 10. Nc3 Rb8 11. Rc1 Bd7 12. e3 a6 13. Qe2 e5 14. Nc2 b5 15.
cxb5 axb5 16. Nb4 Qa5 17. Nc6 Bxc6 18. Bxc6 b4 19. Na4 Nxa4 20. Bxa4 Ne4 21.
Rfd1 Rfc8 22. Bc6 Nc5 23. Bd5 Rc7 24. h4 Ra7 25. h5 Qb5 26. Bc4 Qd7 27. hxg6
hxg6 28. Ba1 Ne4 29. Qd3 Qf5 30. Rc2 Qh5 31. Qe2 Qxe2 32. Bxe2 Bf8 33. Kg2 Nc5
34. Bf3 Rb6 35. Bd5 Be7 36. Rh1 Rba6 37. g4 Rxa2 38. Rxc5 Rxa1 39. Rc8+ Kg7 40.
Rxa1 Rxa1 41. Rc7 Kf8 42. Rb7 Rd1 43. e4 Rd4 44. f3 Rd2+ 45. Kf1 Rd4 46. Ke2 f5
47. Rb8+ Kg7 48. Rb7 Kf8 49. Rb8+ 1/2-1/2

[Event "4NCL Division Two"]
[Site "Telford, ENG"]
[Date "2024.02.10"]
[EventDate "2024.02.10"]
[Round "5.56"]
[White "Shephard, Chris C W"]
[WhiteElo "2162"]
[WhiteTeam "Warwickshire Select 1"]
[Black "Bourached, Anthony"]
[BlackElo "2155"]
[BlackTeam "Gonzaga"]
[Result "1-0"]

1. c4 c5 2. g3 Nf6 3. Bg2 e6 4. Nf3 d5 5. O-O Nc6 6. e3 Be7 7. b3 O-O 8. Bb2 d4
9. exd4 cxd4 10. Re1 Bc5 11. d3 Qd6 12. a3 a5 13. Nbd2 e5 14. Ng5 Bf5 15. Nde4
Nxe4 16. Nxe4 Bxe4 17. Bxe4 f5 18. Bd5+ Kh8 19. Bc1 Rae8 20. Ra2 f4 21. gxf4
exf4 22. Rxe8 Rxe8 23. Re2 Qg6+ 24. Kh1 Bd6 25. Rxe8+ Qxe8 26. Be4 Qe5 27. Qg4
Ne7 28. f3 g6 29. Qd7 Nf5 30. Qc8+ Kg7 31. Qxb7+ Kh6 32. Qd5 Qe7 33. Qxa5 Ne3
34. Qe1 Bxa3 35. Bd2 Qg5 36. Qg1 Qe7 37. h3 Qh4 38. Kh2 Kg7 39. Be1 Qe7 40. h4
Bd6 41. Qg5 Qe6 42. h5 Be7 43. h6+ Kg8 44. Qb5 Kf7 45. Qb7 g5 46. Qc6 Qxc6 47.
Bxc6 Kg6 48. Ba5 Nc2 49. Bb6 Kxh6 50. Be4 Kh5 51. Kh3 Nb4 52. Bxd4 1-0

[Event "4NCL Division Two"]
[Site "Telford, ENG"]
[Date "2024.02.10"]
[EventDate "2024.02.10"]
[Round "5.57"]
[White "Scott, Luke"]
[WhiteElo "1821"]
[WhiteTeam "Gonzaga"]
[Black "Dicen, Elis Denele"]
[BlackElo "2100"]
[BlackTeam "Warwickshire Select 1"]
[Result "0-1"]

1. d4 d5 2. c4 e6 3. Nc3 Nf6 4. cxd5 exd5 5. Bg5 c6 6. e3 Be7 7. Bd3 Nbd7 8.
Qc2 h6 9. Bh4 Nh5 10. Bxe7 Qxe7 11. Nge2 Nb6 12. O-O-O Bd7 13. Kb1 O-O-O 14.
Nc1 g6 15. a4 Kb8 16. a5 Nc8 17. Rhe1 Be6 18. Nb3 Nd6 19. Nc5 Ng7 20. f3 Qc7
21. a6 b6 22. Nxe6 Nxe6 23. Rc1 Nc8 24. Qa4 Qd7 25. Ne2 Ne7 26. Red1 Rc8 27. h4
h5 28. Rf1 Rhd8 29. g4 Rh8 30. g5 Rc7 31. f4 Ng7 32. Ng3 Qg4 33. Rg1 Qxh4 34.
Rcf1 Qh3 35. Qc2 h4 36. f5 gxf5 37. Nxf5 Ngxf5 38. Bxf5 Nxf5 39. Qxf5 Qxe3 40.
Qf6 Qd3+ 41. Kc1 Rhc8 0-1